00653nam a2200193Ia 4500008004100000020001300041082001400054100002000068245004600088250000700134260003300141300003900174500001900213600002100232650005000253942000700303952013400310999001500444240925s9999 xx 000 0 und d a71133976 a004.6 TAY aTaylor, Edgar D 4aThe McGraw Hill Internet Working Handbook aNA aLondon:bMcGraw-Hillc,1995. ax,614p.bNAfInternational Edition aIncludes Index aComputer Science aComputer science, information & general works cBK 001040708CSaUITUbUITUd1997-04-01eParamount Book Pvt Ltdg1496.00l0o004.6 TAYpQ0976r2024-09-25 07:12:16w2024-09-25yBK c3475d3475